[Event "Winnipeg TNT 2023.07"]
[Site "Winnipeg CAN"]
[Date "2023.07.04"]
[Round "1.11"]
[White "Peirson, Daniel"]
[Black "Wang, Junjie"]
[Result "1-0"]
[WhiteElo "1669"]
[BlackElo "1248"]
[PlyCount "55"]
[EventDate "2023.07.04"]
[EventType "swiss"]
[EventRounds "4"]
[EventCountry "CAN"]

1. e4 e5 2. f4 f6 3. fxe5 fxe5 4. Qh5+ g6 5. Qxe5+ Qe7 6. Qxh8 Qxe4+ 7. Ne2
Qh4+ 8. Ng3 Nf6 9. Nc3 Ke7 10. Nd5+ Kf7 11. Qxf6+ Qxf6 12. Nxf6 Kxf6 13. Bc4
Nc6 14. O-O+ Kg7 15. Rf7+ Kg8 16. d4 d5 17. Bxd5 Nxd4 18. Rf4+ Kg7 19. Rxd4 Bc5
20. c3 Bxd4+ 21. cxd4 c6 22. Bb3 Bd7 23. Bg5 h6 24. Bf4 Re8 25. Be5+ Kh7 26.
Rf1 Re7 27. Rf8 h5 28. Rh8# 1-0

[Event "Winnipeg TNT 2023.07"]
[Site "Winnipeg CAN"]
[Date "2023.07.04"]
[Round "1.12"]
[White "Gao, Leo"]
[Black "MacPherson, Al"]
[Result "0-1"]
[WhiteElo "1035"]
[BlackElo "1652"]
[PlyCount "50"]
[EventDate "2023.07.04"]
[EventType "swiss"]
[EventRounds "4"]
[EventCountry "CAN"]

1. e4 c5 2. d4 cxd4 3. c3 dxc3 4. Nxc3 e6 5. Nf3 Bb4 6. Bd2 Nc6 7. a3 Bxc3 8.
Bxc3 Nf6 9. Bd3 d5 10. exd5 exd5 11. Bb5 Bg4 12. h3 Qe7+ 13. Kd2 Ne4+ 14. Kc2
Nxc3 15. bxc3 Bf5+ 16. Kb2 Be6 17. Re1 O-O 18. Qa4 Qc5 19. Bxc6 bxc6 20. Nd4
Rab8+ 21. Kc2 Rb6 22. Qxa7 Rb2+ 23. Kxb2 Qxa7 24. Nxc6 Qxf2+ 25. Kc1 Qxe1+ 0-1

[Event "Winnipeg TNT 2023.07"]
[Site "Winnipeg CAN"]
[Date "2023.07.11"]
[Round "2.1"]
[White "Bince, Rolando"]
[Black "Babb, Jeff"]
[Result "0-1"]
[WhiteElo "1881"]
[BlackElo "2115"]
[PlyCount "102"]
[EventDate "2023.07.04"]
[EventType "swiss"]
[EventRounds "4"]
[EventCountry "CAN"]

1. e4 d6 2. d4 Nf6 3. Nc3 g6 4. Nf3 Bg7 5. Bg5 h6 6. Bh4 O-O 7. Qd2 c6 8. Be2
b5 9. a3 a5 10. h3 Ba6 11. b4 axb4 12. axb4 Bb7 13. Rxa8 Bxa8 14. Bxf6 exf6 15.
O-O Na6 16. Rb1 Qe7 17. d5 Nc7 18. Re1 Qd7 19. dxc6 Bxc6 20. Nd4 Rb8 21. Nxc6
Qxc6 22. Nd5 Nxd5 23. exd5 Qc7 24. c4 bxc4 25. Rc1 f5 26. Rxc4 Qa7 27. b5 Kh7
28. Rc6 Qa1+ 29. Rc1 Qa7 30. Rc6 Bd4 31. Bc4 Qa1+ 32. Kh2 Bc5 33. Rc7 Kg7 34.
Qe2 Qf6 35. Qe6 Bxf2 36. g3 Bc5 37. Qe2 Qd4 38. h4 Re8 39. Qf1 Re4 40. Bd3 Re3
41. Bc4 Qd2+ 42. Qg2 Qd4 43. Bf1 f4 44. Rxc5 fxg3+ 45. Kh3 Qxc5 46. Qb2+ Qc3
47. Qg2 Qd4 48. Be2 g5 49. hxg5 hxg5 50. Bg4 f5 51. Qc2 Qxg4+ 0-1

[Event "Winnipeg TNT 2023.07"]
[Site "Winnipeg CAN"]
[Date "2023.07.11"]
[Round "2.2"]
[White "Zashev, Aleksandar"]
[Black "Letain, Cory"]
[Result "1-0"]
[WhiteElo "2077"]
[BlackElo "1710"]
[PlyCount "25"]
[EventDate "2023.07.04"]
[EventType "swiss"]
[EventRounds "4"]
[EventCountry "CAN"]

1. d4 d5 2. Nf3 Nc6 3. Bf4 h5 4. Nc3 Bg4 5. e3 e5 6. Bxe5 f6 7. Qd3 fxe5 8.
Qg6+ Kd7 9. Bb5 Qf6 10. Nxe5+ Kc8 11. Qe8+ Qd8 12. Qxc6 bxc6 13. Ba6+ 1-0

[Event "Winnipeg TNT 2023.07"]
[Site "Winnipeg CAN"]
[Date "2023.07.11"]
[Round "2.3"]
[White "Bonness, Will"]
[Black "Baron, Gustav"]
[Result "0-1"]
[WhiteElo "1848"]
[BlackElo "2003"]
[PlyCount "104"]
[EventDate "2023.07.04"]
[EventType "swiss"]
[EventRounds "4"]
[EventCountry "CAN"]

1. e4 e6 2. d4 d5 3. exd5 exd5 4. Nf3 Nf6 5. Bd3 Bd6 6. O-O O-O 7. c4 c6 8. Nc3
dxc4 9. Bxc4 Bg4 10. Bg5 Nbd7 11. Re1 Qc7 12. h3 Bh5 13. Qd3 Rfe8 14. d5 Bxf3
15. Bxf6 Bh2+ 16. Kh1 Bxg2+ 17. Kxg2 Nxf6 18. d6 Bxd6 19. Rac1 Rxe1 20. Rxe1
Bb4 21. Re3 Bxc3 22. Qxc3 Re8 23. Rg3 Qe5 24. Qb3 Re7 25. Re3 Qc7 26. Rf3 b5
27. Bd3 Qe5 28. Re3 Qd5+ 29. Qxd5 Nxd5 30. Rf3 g6 31. Bf1 f5 32. Ra3 Kf7 33.
Ra6 Rc7 34. Kg3 Ke7 35. Be2 Kd7 36. Ra3 Kd6 37. Rd3 a5 38. Rd2 Re7 39. Bf3 b4
40. Bg2 Re1 41. a3 Kc5 42. Rc2+ Kb6 43. Rd2 Nf6 44. Rc2 Ne4+ 45. Kf4 c5 46.
axb4 cxb4 47. f3 Nc5 48. Rd2 Rb1 49. Ke5 Rxb2 50. Rd6+ Kc7 51. Rd5 Nd7+ 52. Ke6
Re2+ 0-1

[Event "Winnipeg TNT 2023.07"]
[Site "Winnipeg CAN"]
[Date "2023.07.11"]
[Round "2.4"]
[White "Rutter, Blair"]
[Black "Peirson, Daniel"]
[Result "0-1"]
[WhiteElo "1954"]
[BlackElo "1669"]
[PlyCount "122"]
[EventDate "2023.07.04"]
[EventType "swiss"]
[EventRounds "4"]
[EventCountry "CAN"]

1. c4 Nf6 2. g3 c6 3. Bg2 d5 4. cxd5 cxd5 5. Nf3 Nc6 6. O-O Bf5 7. d3 h6 8. Nc3
e6 9. Qb3 Rb8 10. Rd1 d4 11. Nb5 e5 12. Bd2 a6 13. Na3 Be7 14. Nc4 Be6 15. Qc2
Nd7 16. a4 O-O 17. Rab1 Rc8 18. Qb3 Rb8 19. a5 b6 20. axb6 Nxb6 21. Qc2 Nxc4
22. dxc4 Qd7 23. e4 Rfc8 24. b3 Rb6 25. Ne1 Rcb8 26. Nd3 f6 27. f4 a5 28. Bf3
Qb7 29. fxe5 Nxe5 30. Nxe5 fxe5 31. Bxa5 Rxb3 32. Rxb3 Qxb3 33. Qxb3 Rxb3 34.
Be2 Re3 35. Bd3 Bg4 36. Rd2 Bf3 37. Bc7 Bf6 38. c5 Bxe4 39. Bxe4 Rxe4 40. c6
Re1+ 41. Kf2 Rc1 42. Re2 d3 43. Rd2 e4 44. Bf4 Rxc6 45. Ke3 Rc4 46. Ra2 Bc3 47.
Ra8+ Kh7 48. g4 Bf6 49. Ra5 Kg6 50. Ra6 Kh7 51. Ra5 d2 52. Ke2 Rd4 53. Kd1 Rd3
54. g5 Bxg5 55. Bxg5 hxg5 56. Rxg5 e3 57. Re5 Rc3 58. Rd5 Rc1+ 59. Ke2 Re1+ 60.
Kf3 d1=Q+ 61. Rxd1 Kg6 0-1

[Event "Winnipeg TNT 2023.07"]
[Site "Winnipeg CAN"]
[Date "2023.07.11"]
[Round "2.5"]
[White "Stordeur, Jackson"]
[Black "Dhillon, Iqvinder"]
[Result "1-0"]
[WhiteElo "1703"]
[BlackElo "1906"]
[PlyCount "43"]
[EventDate "2023.07.04"]
[EventType "swiss"]
[EventRounds "4"]
[EventCountry "CAN"]

1. e4 b6 2. d4 Bb7 3. Bd3 Nf6 4. Qe2 e6 5. Nf3 c5 6. c3 cxd4 7. cxd4 Bb4+ 8.
Nc3 d5 9. e5 Ne4 10. Qc2 Qc7 11. Bd2 Na6 12. Qa4+ Kd8 13. Bxa6 Bxc3 14. bxc3
Nxc3 15. Qc2 Bxa6 16. Qxc3 Qd7 17. Qb4 Rc8 18. Rc1 Rxc1+ 19. Bxc1 Qc6 20. Qd6+
Qxd6 21. exd6 Kd7 22. Ne5+ 1-0

[Event "Winnipeg TNT 2023.07"]
[Site "Winnipeg CAN"]
[Date "2023.07.11"]
[Round "2.6"]
[White "Currie, James"]
[Black "Kahanda, Inuri"]
[Result "1-0"]
[WhiteElo "1900"]
[BlackElo "1621"]
[PlyCount "59"]
[EventDate "2023.07.04"]
[EventType "swiss"]
[EventRounds "4"]
[EventCountry "CAN"]

1. e4 e5 2. f4 d6 3. Nf3 Nc6 4. d4 Nxd4 5. Nxd4 exd4 6. Qxd4 Qf6 7. Qf2 Ne7 8.
Nc3 Bd7 9. Be3 a6 10. O-O-O O-O-O 11. Be2 Bc6 12. g4 h6 13. Rhg1 Qe6 14. Bf3 g6
15. f5 gxf5 16. gxf5 Qe5 17. Bd4 Qf4+ 18. Kb1 Rg8 19. Bf6 Rxg1 20. Rxg1 d5 21.
Ne2 Qd6 22. e5 Qb4 23. c3 Qc4 24. Nd4 Re8 25. Be2 Qc5 26. Bh5 Bb5 27. Qg3 Qb6
28. Re1 c5 29. e6 cxd4 30. cxd4 1-0

[Event "Winnipeg TNT 2023.07"]
[Site "Winnipeg CAN"]
[Date "2023.07.11"]
[Round "2.8"]
[White "Hansima, Charitha"]
[Black "March, John"]
[Result "1-0"]
[WhiteElo "1608"]
[BlackElo "1406"]
[PlyCount "77"]
[EventDate "2023.07.04"]
[EventType "swiss"]
[EventRounds "4"]
[EventCountry "CAN"]

1. d4 c6 2. Bf4 d5 3. c3 Nf6 4. Nf3 Bf5 5. e3 e6 6. h3 Bd6 7. Ne5 O-O 8. Nd2 c5
9. Be2 c4 10. g4 Bd3 11. Nxd3 cxd3 12. Bxd3 Bxf4 13. exf4 Qc7 14. Qf3 Nc6 15.
O-O Ne7 16. Rfe1 Ng6 17. Bxg6 hxg6 18. Re3 Rfe8 19. Rae1 Re7 20. f5 gxf5 21.
gxf5 Rae8 22. fxe6 Rxe6 23. Rxe6 Rxe6 24. Rxe6 fxe6 25. Qe3 Kf7 26. Nf3 Ne4 27.
Ne5+ Ke7 28. Qf4 Nd6 29. Qh4+ Kf8 30. Qh8+ Ke7 31. Qxg7+ Kd8 32. Qg8+ Ke7 33.
Qg5+ Ke8 34. Qg6+ Ke7 35. h4 Qd8 36. Qg7+ Ke8 37. h5 Qe7 38. h6 Nf5 39. Qxe7+
1-0

[Event "Winnipeg TNT 2023.07"]
[Site "Winnipeg CAN"]
[Date "2023.07.11"]
[Round "2.9"]
[White "Exconde, Luis"]
[Black "Melnyk, James"]
[Result "1-0"]
[WhiteElo "1337"]
[BlackElo "1587"]
[PlyCount "73"]
[EventDate "2023.07.04"]
[EventType "swiss"]
[EventRounds "4"]
[EventCountry "CAN"]

1. d4 Nf6 2. c4 Nc6 3. Nc3 e5 4. dxe5 Nxe5 5. e3 Bb4 6. Bd2 O-O 7. Nf3 Ng6 8.
Bd3 c6 9. Qb3 Ba5 10. O-O-O Ne7 11. h3 d6 12. g4 Nd7 13. Ng5 h6 14. Nge4 Ne5
15. Be2 Qc7 16. f4 Nd7 17. g5 Nf5 18. gxh6 Nxh6 19. Be1 Nf5 20. Bf2 Re8 21. Qc2
Bxc3 22. bxc3 Nb6 23. Rhg1 Qe7 24. Bd3 d5 25. Ng5 Nxe3 26. Qb1 Nxd1 27. Kxd1
Qf6 28. Bd4 Qh6 29. Nxf7 Qh5+ 30. Kd2 Nxc4+ 31. Bxc4 dxc4 32. Rxg7+ Kf8 33. Qf1
Bxh3 34. Qxc4 Qd5 35. Qxd5 cxd5 36. Ng5 Bf1 37. Nh7# 1-0

[Event "Winnipeg TNT 2023.07"]
[Site "Winnipeg CAN"]
[Date "2023.07.11"]
[Round "2.10"]
[White "Kumbharathi, Harsha"]
[Black "Punay, Rhailey"]
[Result "1/2-1/2"]
[WhiteElo "1547"]
[BlackElo "1362"]
[PlyCount "54"]
[EventDate "2023.07.04"]
[EventType "swiss"]
[EventRounds "4"]
[EventCountry "CAN"]

1. e4 e5 2. Nc3 Nf6 3. f4 d5 4. fxe5 Nxe4 5. Nf3 Nxc3 6. dxc3 c6 7. c4 Bc5 8.
cxd5 cxd5 9. Bd3 Nc6 10. Qe2 Bg4 11. Be3 d4 12. Bf4 Bb4+ 13. Kd1 Qd7 14. h3 Be6
15. a3 Ba5 16. Qf2 Bb6 17. Kd2 Bf5 18. Qe2 Bxd3 19. Qxd3 h6 20. Rad1 O-O 21. g4
Ne7 22. g5 h5 23. Kc1 Qf5 24. Qxf5 Nxf5 25. h4 Ne3 26. Rd2 Nf5 27. Rdd1 Ne3
1/2-1/2

[Event "Winnipeg TNT 2023.07"]
[Site "Winnipeg CAN"]
[Date "2023.07.11"]
[Round "2.11"]
[White "Wang, Junjie"]
[Black "Ling, Aiden"]
[Result "0-1"]
[WhiteElo "1248"]
[BlackElo "1514"]
[PlyCount "46"]
[EventDate "2023.07.04"]
[EventType "swiss"]
[EventRounds "4"]
[EventCountry "CAN"]

1. e4 c5 2. Nc3 Nc6 3. Nf3 e6 4. Bc4 Nf6 5. d3 d5 6. exd5 exd5 7. Bb5 a6 8.
Bxc6+ bxc6 9. O-O Be7 10. h3 O-O 11. b3 Be6 12. Bb2 d4 13. Ne4 Nxe4 14. dxe4 f5
15. Ne5 Qd6 16. Nf3 fxe4 17. Nd2 Rf4 18. Re1 Raf8 19. Nxe4 Qd5 20. f3 Bxh3 21.
gxh3 Rxf3 22. Nd2 Rg3+ 23. Kh2 Qg2# 0-1

[Event "Winnipeg TNT 2023.07"]
[Site "Winnipeg CAN"]
[Date "2023.07.11"]
[Round "2.12"]
[White "Gannon, Keith"]
[Black "Punay, Darius"]
[Result "1-0"]
[WhiteElo "1467"]
[BlackElo "1279"]
[PlyCount "79"]
[EventDate "2023.07.04"]
[EventType "swiss"]
[EventRounds "4"]
[EventCountry "CAN"]

1. b3 d5 2. Bb2 Nc6 3. e3 e5 4. Be2 Nf6 5. Nf3 Bd6 6. c4 dxc4 7. bxc4 O-O 8.
O-O Bf5 9. d3 Qe7 10. Nbd2 Rad8 11. Re1 e4 12. Bxf6 Qxf6 13. dxe4 Bxe4 14. Nxe4
Qh6 15. Nxd6 Rxd6 16. Qc2 f5 17. c5 Rdf6 18. Qc4+ Kh8 19. Qh4 Qg6 20. Qg3 Qf7
21. Ne5 Nxe5 22. Qxe5 Rg6 23. Bh5 Re6 24. Bxf7 Rxe5 25. Bb3 Rxc5 26. Rec1 Re5
27. Rxc7 Rfe8 28. Rxb7 f4 29. Rxa7 fxe3 30. fxe3 Rxe3 31. Bc4 h6 32. Rf1 Kh7
33. a4 R8e4 34. Bb5 Kg6 35. Ra6+ Kh5 36. a5 g5 37. Rb6 g4 38. g3 Rf3 39. a6
Ree3 40. a7 1-0

[Event "Winnipeg TNT 2023.07"]
[Site "Winnipeg CAN"]
[Date "2023.07.18"]
[Round "3.1"]
[White "Babb, Jeff"]
[Black "Currie, James"]
[Result "1/2-1/2"]
[WhiteElo "2115"]
[BlackElo "1900"]
[PlyCount "108"]
[EventDate "2023.07.04"]
[EventType "swiss"]
[EventRounds "4"]
[EventCountry "CAN"]

1. g3 h6 2. Bg2 Na6 3. f4 g5 4. d4 c5 5. c3 Bg7 6. Nf3 g4 7. Ne5 h5 8. Qb3 e6
9. Be3 d6 10. Nd3 Qc7 11. dxc5 d5 12. Na3 Bd7 13. Nb5 Bxb5 14. Qxb5+ Kf8 15.
Bd4 Nf6 16. Be5 Qd7 17. Qxd7 Nxd7 18. Bd6+ Kg8 19. Kd2 h4 20. h3 Rc8 21. hxg4
hxg3 22. Rxh8+ Bxh8 23. e4 dxe4 24. Bxe4 Naxc5 25. Nxc5 Nxc5 26. Bxc5 Rxc5 27.
Rg1 Bf6 28. g5 Bd8 29. Rxg3 Bc7 30. Rf3 Bd6 31. b4 Rc7 32. Kd3 Kg7 33. a3 f5
34. gxf6+ Kxf6 35. c4 b6 36. f5 Rg7 37. fxe6+ Kxe6 38. Bd5+ Kd7 39. Ke4 Re7+
40. Kf5 b5 41. Rd3 bxc4 42. Bxc4 Kc7 43. Kf6 Re1 44. Rh3 Be7+ 45. Kf5 Bd6 46.
Rh7+ Be7 47. Kf4 Kc6 48. Kf3 Re5 49. Rh6+ Kc7 50. Ra6 Kb7 51. Rg6 Kc7 52. Bd3
Bd6 53. Be4 a5 54. Rg7+ Re7 1/2-1/2

[Event "Winnipeg TNT 2023.07"]
[Site "Winnipeg CAN"]
[Date "2023.07.18"]
[Round "3.2"]
[White "Peirson, Daniel"]
[Black "Zashev, Aleksandar"]
[Result "0-1"]
[WhiteElo "1669"]
[BlackElo "2077"]
[PlyCount "106"]
[EventDate "2023.07.04"]
[EventType "swiss"]
[EventRounds "4"]
[EventCountry "CAN"]

1. e4 Nf6 2. Nc3 d5 3. exd5 Nxd5 4. Bc4 c6 5. d4 Bf5 6. Nf3 e6 7. O-O Nd7 8.
Qe2 Be7 9. Nxd5 cxd5 10. Bb3 O-O 11. Bf4 Bg4 12. Qe3 Bxf3 13. Qxf3 b5 14. c3 b4
15. Rac1 a5 16. Ba4 Nb6 17. Bb5 Nc4 18. b3 Nd6 19. Bd3 g6 20. c4 dxc4 21. bxc4
Bf6 22. d5 e5 23. Bh6 Re8 24. Be4 Bg5 25. Bxg5 Qxg5 26. c5 Nb5 27. d6 Rad8 28.
Bd5 Rf8 29. Qe4 Kg7 30. Rfe1 f6 31. Bb3 Nc3 32. Qb7+ Kh8 33. Kh1 Qd2 34. f3 Qd4
35. Qb6 a4 36. Red1 Nxd1 37. Rxd1 axb3 38. Rxd4 bxa2 39. Rd1 Ra8 40. h3 Rfb8
41. Qc7 b3 42. Qe7 Rf8 43. Qe6 b2 44. c6 a1=Q 45. Qd5 b1=Q 46. Rxb1 Qxb1+ 47.
Kh2 Qc1 48. d7 Qf4+ 49. Kg1 Ra1+ 50. Kf2 Rc1 51. d8=Q Rc2+ 52. Kf1 Qc1+ 53. Qd1
Rxd8 0-1

[Event "Winnipeg TNT 2023.07"]
[Site "Winnipeg CAN"]
[Date "2023.07.18"]
[Round "3.3"]
[White "Baron, Gustav"]
[Black "Stordeur, Jackson"]
[Result "1-0"]
[WhiteElo "2003"]
[BlackElo "1703"]
[PlyCount "42"]
[EventDate "2023.07.04"]
[EventType "swiss"]
[EventRounds "4"]
[EventCountry "CAN"]

1. d4 d5 2. c4 c6 3. Nf3 Nf6 4. Nc3 e6 5. Bg5 dxc4 6. a4 Bb4 7. Ne5 b5 8. g3
Bb7 9. Bg2 Qb6 10. O-O Nbd7 11. e4 Nxe5 12. dxe5 Nd7 13. a5 Qc5 14. a6 Bc8 15.
Be3 Qxe5 16. Bd4 Qg5 17. f4 Qh6 18. e5 Nb8 19. Nxb5 cxb5 20. Bxa8 Nxa6 21. Bc6+
Kf8 1-0

[Event "Winnipeg TNT 2023.07"]
[Site "Winnipeg CAN"]
[Date "2023.07.18"]
[Round "3.4"]
[White "Roberts, Allan"]
[Black "Zhou, Joe"]
[Result "0-1"]
[WhiteElo "1482"]
[BlackElo "1620"]
[PlyCount "78"]
[EventDate "2023.07.04"]
[EventType "swiss"]
[EventRounds "4"]
[EventCountry "CAN"]

1. c4 e5 2. Nc3 Nf6 3. Nf3 Nc6 4. d4 exd4 5. Nxd4 Nxd4 6. Qxd4 b6 7. Qe3+ Be7
8. Nd5 Nxd5 9. cxd5 O-O 10. g3 Re8 11. Qd3 Bc5 12. Bg2 Qf6 13. O-O Bb7 14. Bd2
Qxb2 15. e4 Qd4 16. Qxd4 Bxd4 17. Rac1 c5 18. Bf4 Be5 19. Rfe1 f6 20. d6 Bxf4
21. gxf4 Re6 22. e5 Bxg2 23. Kxg2 Rae8 24. Rc3 fxe5 25. fxe5 Rxe5 26. Rxe5 Rxe5
27. Ra3 Rd5 28. Rxa7 Rxd6 29. Rc7 Kf7 30. Kf3 Ke6 31. Rc8 Rc6 32. Rh8 c4 33.
Ke4 c3 34. Kd3 c2 35. Re8+ Kf5 36. Re4 c1=Q 37. Ke2 Rc2+ 38. Kf3 Qh1+ 39. Ke3
Qxe4# 0-1

[Event "Winnipeg TNT 2023.07"]
[Site "Winnipeg CAN"]
[Date "2023.07.18"]
[Round "3.5"]
[White "Hansima, Charitha"]
[Black "Rutter, Blair"]
[Result "1-0"]
[WhiteElo "1608"]
[BlackElo "1954"]
[PlyCount "95"]
[EventDate "2023.07.04"]
[EventType "swiss"]
[EventRounds "4"]
[EventCountry "CAN"]

1. d4 d5 2. Bf4 Nf6 3. e3 c6 4. c3 e6 5. Nf3 Nbd7 6. Nbd2 Be7 7. Bd3 a5 8. a4
c5 9. Bb5 O-O 10. Ne5 Nxe5 11. dxe5 Nd7 12. O-O f5 13. exf6 Bxf6 14. Re1 c4 15.
e4 e5 16. Bg3 Nb6 17. exd5 Qc7 18. Qe2 Bd7 19. Bxe5 Bxe5 20. Qxe5 Qc5 21. Ne4
Qc8 22. Bxd7 Nxd7 23. Qe6+ Kh8 24. Nd6 Qd8 25. Nf7+ Rxf7 26. Qxf7 Nf6 27. Re7
Qg8 28. Qxg8+ Kxg8 29. d6 b6 30. Rd1 Kf8 31. Rb7 Rd8 32. Rxb6 Ke8 33. Rc6 g6
34. Rxc4 Rb8 35. Rf4 Nd7 36. Re1+ Kd8 37. b4 axb4 38. cxb4 Rb6 39. f3 Rxd6 40.
a5 Nf6 41. Ra1 Kc8 42. b5 Kb7 43. a6+ Ka7 44. Rc4 Ne8 45. Rc8 Nf6 46. Rc7+ Ka8
47. a7 Rd8 48. b6 1-0

[Event "Winnipeg TNT 2023.07"]
[Site "Winnipeg CAN"]
[Date "2023.07.18"]
[Round "3.6"]
[White "Dhillon, Iqvinder"]
[Black "Wijekoon, Dilki"]
[Result "1-0"]
[WhiteElo "1906"]
[BlackElo "1369"]
[PlyCount "101"]
[EventDate "2023.07.04"]
[EventType "swiss"]
[EventRounds "4"]
[EventCountry "CAN"]

1. b3 d5 2. e3 Nf6 3. Bb2 Bf5 4. d4 e6 5. Bd3 Bg6 6. Qe2 Nc6 7. a3 a6 8. Nf3
Bd6 9. Nbd2 Qd7 10. e4 dxe4 11. Nxe4 Nxe4 12. Bxe4 Bxe4 13. Qxe4 O-O-O 14. c4
Be7 15. O-O-O Bf6 16. Ne5 Qe8 17. Nxc6 bxc6 18. Rhe1 Kb7 19. Kb1 Rb8 20. Qf3
Kc8 21. d5 Bxb2 22. Kxb2 cxd5 23. cxd5 Qb5 24. dxe6 fxe6 25. Rxe6 Re8 26. Rxe8+
Qxe8 27. Qd3 Qe6 28. Qd8+ Kb7 29. Qd5+ Qxd5 30. Rxd5 Re8 31. Kc2 Re2+ 32. Rd2
Rxd2+ 33. Kxd2 Kc6 34. Kc3 Kb5 35. Kd4 Kc6 36. Kc4 Kb6 37. Kd5 c6+ 38. Kc4 c5
39. Kd5 a5 40. a4 g6 41. f4 h6 42. g4 Kc7 43. Kxc5 Kb7 44. Kd6 Kb6 45. f5 gxf5
46. gxf5 h5 47. f6 h4 48. f7 h3 49. f8=Q Ka6 50. Kc6 Ka7 51. Qe7+ 1-0

[Event "Winnipeg TNT 2023.07"]
[Site "Winnipeg CAN"]
[Date "2023.07.18"]
[Round "3.7"]
[White "Trueman, Francis"]
[Black "Bince, Rolando"]
[Result "0-1"]
[WhiteElo "1408"]
[BlackElo "1881"]
[PlyCount "58"]
[EventDate "2023.07.04"]
[EventType "swiss"]
[EventRounds "4"]
[EventCountry "CAN"]

1. e4 Nf6 2. d3 e5 3. Nd2 d5 4. Ngf3 Bg4 5. Qe2 Nc6 6. c3 d4 7. g3 h6 8. Bg2
Qd7 9. O-O O-O-O 10. c4 g5 11. a4 Bb4 12. Nb3 a5 13. Bd2 Qe7 14. Bxb4 Qxb4 15.
Qc2 Be6 16. Nfd2 Nd7 17. c5 Kb8 18. Rfc1 h5 19. h3 Rh6 20. Nc4 Bxc4 21. Qxc4
Qxc4 22. Rxc4 Nf8 23. Nd2 Ne6 24. Nf3 f6 25. h4 Rg8 26. b4 axb4 27. a5 Ka7 28.
Nd2 Ka6 29. Bf3 gxh4 0-1

[Event "Winnipeg TNT 2023.07"]
[Site "Winnipeg CAN"]
[Date "2023.07.18"]
[Round "3.8"]
[White "Letain, Cory"]
[Black "Gannon, Keith"]
[Result "1-0"]
[WhiteElo "1710"]
[BlackElo "1467"]
[PlyCount "75"]
[EventDate "2023.07.04"]
[EventType "swiss"]
[EventRounds "4"]
[EventCountry "CAN"]

1. e4 e5 2. f4 d6 3. Nf3 Nf6 4. Bc4 Nc6 5. O-O Be7 6. Nc3 O-O 7. h3 a6 8. a4
Bd7 9. d3 h6 10. fxe5 Nxe5 11. Nxe5 dxe5 12. Qf3 Bc5+ 13. Kh1 Be7 14. Qg3 Kh8
15. Qxe5 Bd6 16. Qd4 Bg3 17. Bxh6 Bxh3 18. Bxg7+ Kxg7 19. Qxd8 Raxd8 20. gxh3
Rh8 21. Kg2 Be5 22. Nd5 c6 23. Nxf6 Bxf6 24. e5 Bxe5 25. Rxf7+ Kh6 26. Rxb7 Rb8
27. Rxb8 Rxb8 28. Re1 Bxb2 29. Re6+ Kg5 30. Rxc6 Kf4 31. Rxa6 Rb4 32. a5 Ke3
33. Re6+ Kd2 34. a6 Kxc2 35. a7 Ra4 36. Ra6 Rxa6 37. Bxa6 Bd4 38. a8=Q 1-0

[Event "Winnipeg TNT 2023.07"]
[Site "Winnipeg CAN"]
[Date "2023.07.18"]
[Round "3.9"]
[White "Kahanda, Inuri"]
[Black "Exconde, Luis"]
[Result "1-0"]
[WhiteElo "1621"]
[BlackElo "1337"]
[Annotator "aboro"]
[PlyCount "97"]
[EventDate "2023.07.04"]
[EventType "swiss"]
[EventRounds "4"]
[EventCountry "CAN"]

1. d4 Nf6 2. Bf4 e6 3. e3 d5 4. Nf3 h6 5. Bd3 c5 6. Nc3 c4 7. Be2 Nc6 8. O-O
Bb4 9. Nb5 O-O 10. a4 a6 11. Na3 Nh5 12. Be5 Nf6 13. c3 Bd6 14. Bxd6 Qxd6 15.
Nc2 Na5 16. Ne5 Nb3 17. Ra3 Bd7 18. Na1 Na5 19. Bh5 Nc6 20. f4 Be8 21. Bf3 Nh7
22. Nc2 f5 23. Bh5 Ne7 24. Bxe8 Raxe8 25. Qh5 Nf6 26. Qh4 a5 27. Rf3 Ne4 28.
Ra1 Rf6 29. Rh3 Kh7 30. Ne1 Ng6 31. Qh5 Qe7 32. N1f3 Nxe5 33. dxe5 Rf7 34. Ng5+
Nxg5 35. fxg5 Qf8 36. g6+ Kg8 37. gxf7+ Qxf7 38. Qxf7+ Kxf7 39. Rb1 Re7 40. b3
cxb3 41. Rxb3 Rc7 42. Rf3 g5 43. Rf1 Kg6 44. g3 h5 45. Kf2 h4 46. gxh4 g4 47.
Re1 Rh7 48. Kg3 Kh5 49. Rb5 {and White won in 61 moves} 1-0

[Event "Winnipeg TNT 2023.07"]
[Site "Winnipeg CAN"]
[Date "2023.07.18"]
[Round "3.10"]
[White "March, John"]
[Black "Punay, Rhailey"]
[Result "1/2-1/2"]
[WhiteElo "1406"]
[BlackElo "1362"]
[PlyCount "48"]
[EventDate "2023.07.04"]
[EventType "swiss"]
[EventRounds "4"]
[EventCountry "CAN"]

1. c4 e5 2. g3 Nf6 3. Bg2 Bc5 4. Nc3 d6 5. e3 c6 6. d4 Bb6 7. dxe5 dxe5 8.
Qxd8+ Bxd8 9. Nf3 Nbd7 10. O-O O-O 11. b4 Re8 12. Bb2 Bc7 13. Nd2 Nf8 14. Nce4
Nxe4 15. Nxe4 f5 16. Nc5 Ne6 17. Nxe6 Bxe6 18. c5 a6 19. Rfd1 Rad8 20. Rxd8
Rxd8 21. a4 Bd5 22. Rd1 Bxg2 23. Rxd8+ Bxd8 24. Kxg2 Bc7 1/2-1/2

[Event "Winnipeg TNT 2023.07"]
[Site "Winnipeg CAN"]
[Date "2023.07.18"]
[Round "3.11"]
[White "Melnyk, James"]
[Black "Gao, Leo"]
[Result "0-1"]
[WhiteElo "1587"]
[BlackElo "1035"]
[PlyCount "74"]
[EventDate "2023.07.04"]
[EventType "swiss"]
[EventRounds "4"]
[EventCountry "CAN"]

1. e4 e5 2. Nf3 Nc6 3. Bc4 Bc5 4. d3 Nf6 5. Bg5 d6 6. h3 h6 7. Bh4 Be6 8. Nbd2
Qd7 9. Bb3 a6 10. Ba4 O-O-O 11. a3 g5 12. Bg3 g4 13. hxg4 Nxg4 14. b4 Bb6 15.
b5 Ne7 16. c3 axb5 17. Bc2 Qc6 18. a4 Qc5 19. d4 Qxc3 20. d5 Bd7 21. axb5 Bxb5
22. Ra8+ Kd7 23. Rxd8+ Rxd8 24. Ba4 c6 25. dxc6+ Bxc6 26. Bxc6+ Nxc6 27. Rh4
Nf6 28. Kf1 Ra8 29. Qb3 Qc1+ 30. Ke2 Kc7 31. Qxf7+ Nd7 32. Rxh6 Rf8 33. Qd5 Ba5
34. Rh7 Rxf3 35. gxf3 Nd4+ 36. Kd3 Qc2+ 37. Ke3 Qc3# 0-1

[Event "Winnipeg TNT 2023.07"]
[Site "Winnipeg CAN"]
[Date "2023.07.25"]
[Round "4.1"]
[White "Zashev, Aleksandar"]
[Black "Baron, Gustav"]
[Result "0-1"]
[WhiteElo "2077"]
[BlackElo "2003"]
[PlyCount "70"]
[EventDate "2023.07.04"]
[EventType "swiss"]
[EventRounds "4"]
[EventCountry "CAN"]

1. d4 d5 2. Nf3 c5 3. Bf4 Nf6 4. e3 Qb6 5. Nc3 a6 6. dxc5 Qxc5 7. Be2 Bf5 8.
Nd4 Bg6 9. O-O e6 10. Na4 Qa7 11. c4 Nbd7 12. cxd5 e5 13. Nc6 bxc6 14. dxc6
exf4 15. cxd7+ Nxd7 16. exf4 Be7 17. Bg4 f5 18. Bf3 Rd8 19. Re1 Nf6 20. Bc6+
Kf8 21. Qc2 h6 22. h3 Kg8 23. g4 Kh7 24. gxf5 Bf7 25. Nc3 Bb4 26. Re3 Qc7 27.
Ne2 Rd6 28. Rc1 Bd2 29. Qa4 Bxc1 30. Rc3 Qe7 31. Nxc1 Qe1+ 32. Kg2 Rd1 33. Qc2
Qh1+ 34. Kg3 Rg1+ 35. Kh4 Rg4# 0-1

[Event "Winnipeg TNT 2023.07"]
[Site "Winnipeg CAN"]
[Date "2023.07.25"]
[Round "4.2"]
[White "Zhou, Joe"]
[Black "Babb, Jeff"]
[Result "0-1"]
[WhiteElo "1620"]
[BlackElo "2115"]
[PlyCount "90"]
[EventDate "2023.07.04"]
[EventType "swiss"]
[EventRounds "4"]
[EventCountry "CAN"]

1. Nf3 Nf6 2. c4 g6 3. d4 c5 4. d5 Bg7 5. Nc3 O-O 6. Bf4 d6 7. h3 Qa5 8. Qd2 a6
9. Bh6 b5 10. Bxg7 Kxg7 11. e3 b4 12. Nb1 Ne4 13. Qd3 b3+ 14. Nc3 Nxc3 15.
Qxc3+ Qxc3+ 16. bxc3 bxa2 17. Rxa2 Nd7 18. Bd3 Rb8 19. Kd2 Nb6 20. Kc2 e5 21.
Rb1 Nd7 22. Rxb8 Nxb8 23. Nd2 f5 24. f3 Nd7 25. e4 Nf6 26. Rb2 Kf7 27. Rb6 Ke7
28. Rc6 Nd7 29. Kb3 f4 30. Ka3 Bb7 31. Rc7 Rb8 32. Nb3 Kd8 33. Rxd7+ Kxd7 34.
Ka4 Kc7 35. Bc2 Kb6 36. Na5 Bc8 37. Nb3 Bd7+ 38. Ka3 g5 39. Nd2 Kc7 40. Nf1 h5
41. Nh2 Kd8 42. Ka2 Ke7 43. Bd1 Kf6 44. Be2 Ba4 45. Ka3 Bc2 0-1